[Event "11th Ugra Governor's Cup"]
[Site "Khanty-Mansiysk RUS"]
[Date "2015.11.25"]
[Round "3.4"]
[White "Rakhmanov, Aleksandr"]
[Black "Potapov, Pavel"]
[Result "1-0"]
[WhiteTitle "GM"]
[BlackTitle "IM"]
[WhiteElo "2637"]
[BlackElo "2476"]
[WhiteFideId "4173708"]
[BlackFideId "4169786"]
[EventDate "2015.11.23"]

1. Nf3 f5 2. d4 Nf6 3. Bg5 e6 4. Nbd2 d5 5. e3 Be7 6. c4 O-O 7. Bd3 c6 8. O-O
Ne4 9. Bxe7 Qxe7 10. Ne5 Nxd2 11. Qxd2 Nd7 12. Nf3 g5 13. b4 g4 14. Ne1 Nf6 15.
Rc1 Bd7 16. Qb2 a5 17. a3 axb4 18. axb4 Ra4 19. c5 b5 20. Bc2 Ra6 21. Nd3 Rfa8
22. Ne5 Be8 23. f3 gxf3 24. Rxf3 Bh5 25. Rg3+ Kh8 26. h3 Nd7 27. Kh2 Nxe5 28.
dxe5 Qh4 29. Qc3 Bg6 30. Rf3 Ra3 31. Bb3 Qg5 32. Rg1 Bh5 33. Rg3 Qh4 34. Rb1 Bg6
35. Qe1 Qe4 36. Rb2 Qxe5 37. Qd2 Qf6 38. Qd4 e5 39. Qc3 Kg7 40. Rf2 e4 41. Qc2
Qe5 42. h4 Kh8 43. h5 f4 44. exf4 e3 45. hxg6 exf2 46. fxe5 f1=Q 47. g7+ Kg8 48.
Rf3 Qe1 49. Qf5 Kxg7 50. Qg5+ Kh8 51. Rf7 1-0

[Event "11th Ugra Governor's Cup"]
[Site "Khanty-Mansiysk RUS"]
[Date "2015.11.25"]
[Round "3.5"]
[White "Kokarev, Dmitry"]
[Black "Sarana, Alexey"]
[Result "1/2-1/2"]
[WhiteTitle "GM"]
[WhiteElo "2611"]
[BlackElo "2426"]
[WhiteFideId "4132181"]
[BlackFideId "24133795"]
[EventDate "2015.11.23"]

1. e4 c5 2. Nf3 d6 3. Bb5+ Nd7 4. d4 cxd4 5. Qxd4 a6 6. Bxd7+ Bxd7 7. c4 h6 8.
Nc3 Nf6 9. O-O e5 10. Qd3 Be7 11. a4 O-O 12. b3 Bc6 13. Nd2 Nh5 14. g3 Qd7 15.
Ba3 Rad8 16. b4 Qh3 17. Rfd1 Bd7 18. Qf1 Qg4 19. b5 Nf4 20. Kh1 Ng6 21. Nd5 Qh5
22. f3 Bh3 23. g4 Qh4 24. Nxe7+ Nxe7 25. Qe1 Qxe1+ 26. Rxe1 Ng6 27. Kg1 h5 28.
gxh5 Nf4 29. Nf1 f5 30. Rad1 fxe4 31. Rxe4 Nxh5 32. Re3 Rf4 33. Rc3 axb5 34.
axb5 Rd4 35. Rcd3 Rxc4 36. Rxd6 Rxd6 37. Bxd6 e4 38. fxe4 Rxe4 39. Ng3 Nxg3 40.
hxg3 Re2 1/2-1/2

[Event "11th Ugra Governor's Cup"]
[Site "Khanty-Mansiysk RUS"]
[Date "2015.11.25"]
[Round "3.6"]
[White "Predke, Alexandr"]
[Black "Ponkratov, Pavel"]
[Result "1/2-1/2"]
[BlackTitle "GM"]
[WhiteElo "2518"]
[BlackElo "2604"]
[WhiteFideId "24107581"]
[BlackFideId "4157800"]
[EventDate "2015.11.23"]

1. e4 c5 2. Nf3 e6 3. d4 cxd4 4. Nxd4 a6 5. Bd3 Nf6 6. O-O Qc7 7. Qe2 d6 8. f4
g6 9. f5 Bg7 10. fxe6 fxe6 11. Bg5 O-O 12. Nd2 Nc6 13. Nxc6 Qxc6 14. Rf2 Bd7 15.
Raf1 Qc5 16. e5 dxe5 17. b4 Qa7 18. c4 e4 19. Bxe4 Nxe4 20. Nxe4 Rxf2 21. Rxf2
Rf8 22. c5 Rxf2 23. Qxf2 Qb8 24. Nf6+ Bxf6 25. Bxf6 Qf8 26. Qd4 Bc6 27. a3 Bd5
28. Qf4 Qf7 29. h3 Bc6 30. Qb8+ Qe8 31. Qf4 Qf7 32. Qe5 Qd7 33. Bh8 Qf7 34. Bf6
Qd7 35. Qb8+ Qe8 36. Qf4 Qf7 37. Kh2 e5 38. Qxe5 Qd5 39. Qxd5+ Bxd5 40. g4 Kf7
41. Bg5 1/2-1/2

[Event "11th Ugra Governor's Cup"]
[Site "Khanty-Mansiysk RUS"]
[Date "2015.11.25"]
[Round "3.7"]
[White "Goganov, Aleksey"]
[Black "Belyakov, Bogdan"]
[Result "1/2-1/2"]
[WhiteTitle "GM"]
[BlackTitle "IM"]
[WhiteElo "2597"]
[BlackElo "2511"]
[WhiteFideId "24109959"]
[BlackFideId "24104795"]
[EventDate "2015.11.23"]

1. d4 Nf6 2. c4 g6 3. Nc3 Bg7 4. e4 d6 5. Nf3 O-O 6. h3 e5 7. d5 Nh5 8. g3 Na6
9. Be3 f5 10. exf5 gxf5 11. Ng5 Nf6 12. Qc2 Qe7 13. O-O-O Nb4 14. Qb3 a5 15. a3
Na6 16. c5 Kh8 17. cxd6 cxd6 18. Kb1 b6 19. Bc4 f4 20. gxf4 exf4 21. Bd4 Bf5+
22. Bd3 Bxd3+ 23. Rxd3 Nc5 24. Qc2 Nfd7 25. Bxg7+ Qxg7 26. Ne6 Qg2 27. Rdd1 Nxe6
28. dxe6 Ne5 29. Rhg1 Qc6 30. Qe4 Rac8 31. Rd5 Rf6 32. Rgd1 Rxe6 33. Qxf4 Rce8
34. Qd4 Kg8 35. f4 Nf7 36. f5 Re1 37. Qg4+ Kh8 38. Qh4 Qxd5 39. Rxe1 Qxf5+ 40.
Ka2 Rxe1 41. Qxe1 Qxh3 42. Qe7 Kg7 43. Nd5 Qf5 44. Nc7 Kg6 45. Ne6 h6 46. Ka1
Qf1+ 47. Ka2 Ng5 48. Nf8+ Kh5 49. Qxd6 Qf7+ 50. Ka1 Qf1+ 51. Ka2 Qf7+ 1/2-1/2

[Event "11th Ugra Governor's Cup"]
[Site "Khanty-Mansiysk RUS"]
[Date "2015.11.25"]
[Round "3.8"]
[White "Timofeev, Artyom"]
[Black "Antipov, Mikhail Al."]
[Result "1/2-1/2"]
[WhiteTitle "GM"]
[BlackTitle "GM"]
[WhiteElo "2555"]
[BlackElo "2569"]
[WhiteFideId "4140419"]
[BlackFideId "4107012"]
[EventDate "2015.11.23"]

1. d4 Nf6 2. c4 e6 3. Nc3 Bb4 4. e3 O-O 5. Bd3 c5 6. Nf3 Nc6 7. O-O Bxc3 8. bxc3
d6 9. e4 e5 10. h3 b6 11. Bg5 h6 12. Bh4 cxd4 13. cxd4 Qe7 14. d5 Na5 15. Ne1
Bd7 16. Nc2 g5 17. Bg3 Ba4 18. h4 Bxc2 19. Qxc2 Rac8 20. Rac1 Nb7 21. hxg5 hxg5
22. Qd2 Nh5 23. Be2 Nf4 24. Bg4 Rcd8 25. Bh2 Kg7 26. g3 Ng6 27. Kg2 Rh8 28. Rh1
Rh6 29. Bg1 Rdh8 30. Rxh6 Rxh6 31. f3 Qd8 32. Be3 Qh8 33. Bg1 Qd8 34. Be3 Qh8
35. Bg1 Qd8 1/2-1/2

[Event "11th Ugra Governor's Cup"]
[Site "Khanty-Mansiysk RUS"]
[Date "2015.11.25"]
[Round "3.9"]
[White "Pridorozhni, Aleksei"]
[Black "Yuzhakov, Oleg"]
[Result "1-0"]
[WhiteTitle "GM"]
[BlackTitle "FM"]
[WhiteElo "2563"]
[BlackElo "2381"]
[WhiteFideId "4127870"]
[BlackFideId "24104604"]
[EventDate "2015.11.23"]

1. e4 e6 2. d4 d5 3. Nc3 Bb4 4. exd5 exd5 5. Bd3 Nf6 6. Ne2 O-O 7. a3 Bxc3+ 8.
Nxc3 Re8+ 9. Ne2 Ne4 10. O-O Bf5 11. Nf4 Nc6 12. c3 Ne7 13. g4 Bd7 14. f3 Nd6
15. Qc2 f5 16. a4 b6 17. g5 c5 18. Qf2 c4 19. Bc2 Nb7 20. h4 Na5 21. h5 Rc8 22.
h6 g6 23. Re1 Rc6 24. Bd2 Rd6 25. Qg3 Nc8 26. Rxe8+ Qxe8 27. Re1 Qf7 28. Re2 Nb3
29. Bxb3 cxb3 30. Qe1 Bxa4 31. c4 dxc4 32. d5 Rd8 33. Bc3 Qd7 34. Qd2 Qd6 35.
Kg2 Re8 36. Rxe8+ Bxe8 37. Qd4 1-0

[Event "11th Ugra Governor's Cup"]
[Site "Khanty-Mansiysk RUS"]
[Date "2015.11.25"]
[Round "3.10"]
[White "Litvinov, Maxim"]
[Black "Rozum, Ivan"]
[Result "1/2-1/2"]
[BlackTitle "GM"]
[WhiteElo "2391"]
[BlackElo "2559"]
[WhiteFideId "24157449"]
[BlackFideId "24104272"]
[EventDate "2015.11.23"]

1. e4 c5 2. Nf3 e6 3. g3 Nc6 4. Bg2 Nf6 5. Qe2 e5 6. O-O Be7 7. c3 O-O 8. Rd1 d5
9. d4 dxe4 10. Nxe5 cxd4 11. Nxc6 bxc6 12. Rxd4 Qb6 13. Be3 Bg4 14. Qc2 c5 15.
Rd2 Qe6 16. c4 Bf3 17. Nc3 Rad8 18. b3 Ng4 19. Nd5 Ne5 20. Bf4 Bxg2 21. Kxg2 Nf3
22. Nxe7+ Qxe7 23. Rd5 Nd4 24. Qd2 Qb7 25. Be3 Rxd5 26. cxd5 Rd8 27. b4 Nf5 28.
bxc5 Rxd5 29. Qe1 Qc6 30. Rc1 h5 31. Kg1 Rd3 32. Qe2 g6 33. Qe1 Ne7 34. Rb1 Qd5
35. Rb8+ Kh7 36. Kg2 Nc6 37. Re8 h4 38. g4 Ne5 39. Qa1 Qd7 40. Rh8+ Kxh8 41.
Qxe5+ Kg8 42. Qxe4 Rd5 43. Kh3 g5 44. Kg2 Qc6 45. Qf3 Qe6 46. h3 f6 47. a3 a6
48. Kg1 Kg7 49. Kg2 Kg6 50. Kh2 Rd3 51. a4 Ra3 52. Qd1 Qe5+ 53. Kg2 Qe4+ 54. Kh2
Rxa4 55. Qd8 Qe5+ 56. Kg2 Qe6 57. Kh2 Ra2 58. c6 Ra4 59. Qd3+ Kg7 60. Qd7+ Qf7
61. Bc5 Rc4 62. Qd6 Re4 63. c7 Re8 64. Bd4 Rc8 65. Bxf6+ Qxf6 1/2-1/2

[Event "11th Ugra Governor's Cup"]
[Site "Khanty-Mansiysk RUS"]
[Date "2015.11.26"]
[Round "4.2"]
[White "Belyakov, Bogdan"]
[Black "Khismatullin, Denis"]
[Result "1/2-1/2"]
[WhiteTitle "IM"]
[BlackTitle "GM"]
[WhiteElo "2511"]
[BlackElo "2654"]
[WhiteFideId "24104795"]
[BlackFideId "4142578"]
[EventDate "2015.11.23"]

1. e4 c5 2. Nf3 d6 3. d4 cxd4 4. Nxd4 Nf6 5. Nc3 Nc6 6. h3 g6 7. Be2 Bg7 8. Be3
O-O 9. O-O Bd7 10. Qd2 Rc8 11. Nxc6 bxc6 12. Bh6 Bxh6 13. Qxh6 Qb6 14. Rab1 Be6
15. Rfe1 Rb8 16. a3 Qc5 17. Bd3 Rb7 18. Qe3 Nd7 19. Qxc5 Nxc5 20. Bf1 Rfb8 21.
b4 Nd7 22. f4 Nb6 23. Ba6 Rc7 24. Bd3 f6 25. Kf2 Ra8 26. a4 a5 27. bxa5 Nc4 28.
a6 Na5 29. Rb6 Kf7 30. Reb1 Rca7 31. Rb8 Bc8 32. Rxa8 Rxa8 33. Rb6 Ke6 34. h4
Kd7 35. Ke3 Kc7 36. Rb1 Bxa6 37. h5 gxh5 38. Rh1 Bxd3 39. cxd3 Rg8 40. Kf3 Nb3
41. Rxh5 Nd4+ 42. Kf2 Rg7 43. g3 Kb6 44. Rh1 Kc5 45. Rb1 e5 46. a5 d5 47. exd5
cxd5 48. Rb6 Nc6 49. Rb5+ Kd4 50. Rxd5+ 1/2-1/2

[Event "11th Ugra Governor's Cup"]
[Site "Khanty-Mansiysk RUS"]
[Date "2015.11.26"]
[Round "4.3"]
[White "Bukavshin, Ivan"]
[Black "Pridorozhni, Aleksei"]
[Result "1-0"]
[WhiteTitle "GM"]
[BlackTitle "GM"]
[WhiteElo "2657"]
[BlackElo "2563"]
[WhiteFideId "4199758"]
[BlackFideId "4127870"]
[EventDate "2015.11.23"]

1. d4 Nf6 2. c4 e6 3. Nf3 b6 4. a3 Bb7 5. Nc3 Ne4 6. Nxe4 Bxe4 7. Nd2 Bb7 8. e4
Qf6 9. d5 c6 10. Nf3 cxd5 11. cxd5 exd5 12. exd5 Bd6 13. Bc4 O-O 14. O-O Na6 15.
Bg5 Qg6 16. b4 Nc7 17. Qd4 Kh8 18. Rfe1 Rae8 19. Rad1 h6 20. Bf4 Rxe1+ 21. Nxe1
Ne8 22. Bg3 Bxg3 23. hxg3 d6 24. Nf3 Nf6 25. Bb3 Re8 26. Qf4 Nh5 27. Qc4 Rc8 28.
Qe2 Rc3 29. Nd4 Nf6 30. Qd2 Rc8 31. Nb5 Ng4 32. f3 Ne5 33. g4 h5 34. gxh5 Nxf3+
35. Kf2 Nxd2 36. hxg6 Ne4+ 37. Ke3 f5 38. Kf4 Ba6 39. Nd4 Nf2 40. Rd2 Nd3+ 41.
Kg5 Rc3 42. Bc2 Ne5 43. Nxf5 Nd7 44. Nxd6 Nf6 45. b5 1-0

[Event "11th Ugra Governor's Cup"]
[Site "Khanty-Mansiysk RUS"]
[Date "2015.11.26"]
[Round "4.4"]
[White "Sjugirov, Sanan"]
[Black "Artemiev, Vladislav"]
[Result "1/2-1/2"]
[WhiteTitle "GM"]
[BlackTitle "GM"]
[WhiteElo "2646"]
[BlackElo "2676"]
[WhiteFideId "4189302"]
[BlackFideId "24101605"]
[EventDate "2015.11.23"]

1. d4 Nf6 2. c4 g6 3. f3 Nc6 4. Nc3 d5 5. cxd5 Nxd5 6. e4 Nxc3 7. bxc3 e5 8. d5
Nb8 9. h4 Bc5 10. h5 Qf6 11. Rb1 Nd7 12. Qd2 gxh5 13. Ne2 h4 14. Qg5 Be7 15.
Qxf6 Bxf6 16. g3 Rg8 17. gxh4 Nb6 18. Bg5 Bxg5 19. hxg5 c6 20. dxc6 bxc6 21.
Rxh7 Rxg5 22. Rh6 f5 23. exf5 Rxf5 24. Rxc6 Bb7 25. Rc5 Bxf3 26. Nd4 Be4 27.
Nxf5 Bxb1 28. Rxe5+ Kd8 29. Ra5 Rc8 30. Kd2 Bxf5 31. Rxf5 Rc7 32. Bb5 Rh7 33.
Kc2 Nc8 34. Bd3 Rh2+ 35. Kb3 Rd2 36. Rf8+ Kc7 37. Rf7+ Kb6 38. Rf6+ Kc7 39. Rf7+
Kb6 40. Rf6+ Kc7 41. Rf3 Nd6 42. a4 Kb6 43. Rh3 a5 44. Bg6 Rf2 45. Rh5 Rf6 46.
Bc2 Rf8 47. Bd3 Rc8 48. Rd5 Nb7 49. Rb5+ Ka7 50. Kc2 Rc5 51. Rb1 Rh5 52. Bb5 Nc5
53. c4 Rh3 54. Bc6 Rh5 55. Bb5 Rh3 56. Rg1 Ra3 57. Rg7+ Kb6 58. Rg6+ Kb7 59.
Rg7+ Kb6 1/2-1/2

[Event "11th Ugra Governor's Cup"]
[Site "Khanty-Mansiysk RUS"]
[Date "2015.11.26"]
[Round "4.5"]
[White "Aleksandrov, Aleksej"]
[Black "Rakhmanov, Aleksandr"]
[Result "1/2-1/2"]
[WhiteTitle "GM"]
[BlackTitle "GM"]
[WhiteElo "2615"]
[BlackElo "2637"]
[WhiteFideId "13500139"]
[BlackFideId "4173708"]
[EventDate "2015.11.23"]

1. d4 Nf6 2. c4 d6 3. Nf3 g6 4. Nc3 Bf5 5. g3 c6 6. Bg2 Bg7 7. O-O O-O 8. Qb3
Qb6 9. Qxb6 axb6 10. b3 Ne4 11. Bb2 Nxc3 12. Bxc3 Be4 13. Rfc1 Rd8 14. e3 d5 15.
cxd5 cxd5 16. Ne1 Bxg2 17. Kxg2 Rc8 18. Nd3 e6 19. Bb2 Nd7 20. Rxc8+ Rxc8 21.
Rc1 Rxc1 22. Bxc1 f5 23. Kf1 Bf8 24. Bd2 Nb8 25. Bb4 Nc6 26. Bxf8 Kxf8 27. Ke2
Ke7 28. Kd2 Kd6 29. h4 b5 30. a3 b6 31. Kc2 Kc7 32. Kd2 Kd6 33. Kc2 Kc7 34. Kd2
Kd6 35. Kc2 1/2-1/2

[Event "11th Ugra Governor's Cup"]
[Site "Khanty-Mansiysk RUS"]
[Date "2015.11.26"]
[Round "4.6"]
[White "Bocharov, Dmitry"]
[Black "Kokarev, Dmitry"]
[Result "1/2-1/2"]
[WhiteTitle "GM"]
[BlackTitle "GM"]
[WhiteElo "2558"]
[BlackElo "2611"]
[WhiteFideId "4138716"]
[BlackFideId "4132181"]
[EventDate "2015.11.23"]

1. e4 c5 2. Nf3 d6 3. d4 cxd4 4. Nxd4 Nf6 5. Nc3 a6 6. h3 e6 7. g4 d5 8. exd5
Nxd5 9. Nde2 Bb4 10. Bg2 O-O 11. O-O Nxc3 12. bxc3 Bd6 13. Bf4 Bxf4 14. Qxd8
Rxd8 15. Nxf4 Kf8 16. Nd3 Ra7 17. Rfb1 Rd7 18. a4 Rc7 19. Ra3 Bd7 20. Rb6 Bc6
21. a5 Bxg2 22. Kxg2 Nc6 23. Ra4 Ra8 24. c4 Rac8 25. Ra2 h6 26. Rb1 Rd8 27. Kf1
Rd4 28. Ra4 h5 29. f3 Rd8 30. Kf2 Nd4 31. Ne1 Nxc2 32. gxh5 Nxe1 33. Rxe1 Rd4
34. Rb1 Rdxc4 35. Rxc4 Rxc4 36. Rxb7 Rh4 37. Ra7 Rxh3 38. Rxa6 Rxh5 39. Ra7 Rd5
40. a6 Ra5 41. Ke3 Ra4 42. Kd3 g5 43. Kc3 Kg7 44. Kb3 Rf4 45. Rc7 Rxf3+ 46. Rc3
Rf1 47. Kb4 Rd1 48. a7 Rd8 49. Kb5 Ra8 50. Kb6 f5 51. Kb7 Rxa7+ 52. Kxa7 f4 53.
Kb6 Kf6 54. Kc5 Ke5 55. Rc1 Ke4 56. Re1+ Kd3 57. Rxe6 f3 58. Rd6+ Ke3 59. Re6+
Kd3 60. Rd6+ Ke3 61. Re6+ Kd3 1/2-1/2

[Event "11th Ugra Governor's Cup"]
[Site "Khanty-Mansiysk RUS"]
[Date "2015.11.26"]
[Round "4.7"]
[White "Drogovoz, Irina"]
[Black "Goganov, Aleksey"]
[Result "0-1"]
[BlackTitle "GM"]
[WhiteElo "2260"]
[BlackElo "2597"]
[WhiteFideId "4176715"]
[BlackFideId "24109959"]
[EventDate "2015.11.23"]

1. d4 Nf6 2. c4 e6 3. g3 Bb4+ 4. Bd2 Qe7 5. Nf3 Bxd2+ 6. Qxd2 Nc6 7. Nc3 d5 8.
Bg2 dxc4 9. Ne5 O-O 10. O-O Nxe5 11. dxe5 Nd7 12. Qd4 Qc5 13. Qxc5 Nxc5 14. Rfd1
Rb8 15. a4 Bd7 16. Ne4 Nb3 17. Ra3 Rfd8 18. a5 Bb5 19. Rxd8+ Rxd8 20. Nc3 Ba6
21. Ra4 Rd2 0-1

[Event "11th Ugra Governor's Cup"]
[Site "Khanty-Mansiysk RUS"]
[Date "2015.11.26"]
[Round "4.8"]
[White "Antipov, Mikhail Al."]
[Black "Litvinov, Maxim"]
[Result "0-1"]
[WhiteTitle "GM"]
[WhiteElo "2569"]
[BlackElo "2391"]
[WhiteFideId "4107012"]
[BlackFideId "24157449"]
[EventDate "2015.11.23"]

1. e4 e5 2. Nf3 Nc6 3. Bb5 a6 4. Ba4 Nf6 5. d3 d6 6. c3 Be7 7. Nbd2 O-O 8. Nf1
Re8 9. h3 b5 10. Bc2 d5 11. Qe2 dxe4 12. dxe4 Be6 13. Ne3 Nh5 14. g3 Bc5 15. h4
Nf6 16. Ng5 Bd7 17. b4 Ba7 18. a4 h6 19. Bb3 Rf8 20. a5 Ne7 21. f3 Nh5 22. Nf1
c5 23. bxc5 Bxc5 24. f4 Nf6 25. Nh2 Qc7 26. Nhf3 Ng4 27. Nh3 b4 28. fxe5 bxc3
29. Bf4 Qb7 30. Rb1 Be6 31. Bc2 Qc7 32. Kf1 Ng6 33. Kg2 Rfd8 34. Bb3 Rab8 35.
Bxe6 fxe6 36. Qxa6 Qd7 37. h5 Ra8 38. Qe2 Nxf4+ 39. Nxf4 Rxa5 40. Rhd1 Qxd1 41.
Rxd1 Rxd1 42. Kh3 Nf2+ 43. Kg2 Ng4 44. Kh3 Ne3 0-1

[Event "11th Ugra Governor's Cup"]
[Site "Khanty-Mansiysk RUS"]
[Date "2015.11.26"]
[Round "4.9"]
[White "Rozum, Ivan"]
[Black "Predke, Alexandr"]
[Result "1-0"]
[WhiteTitle "GM"]
[WhiteElo "2559"]
[BlackElo "2518"]
[WhiteFideId "24104272"]
[BlackFideId "24107581"]
[EventDate "2015.11.23"]

1. d4 Nf6 2. c4 e6 3. g3 d5 4. Nf3 Bb4+ 5. Bd2 Bd6 6. Nc3 Nbd7 7. Qc2 dxc4 8. e4
e5 9. dxe5 Nxe5 10. Nxe5 Bxe5 11. O-O-O O-O 12. f4 Bd4 13. h3 Re8 14. e5 Nd5 15.
Bxc4 Be6 16. f5 Nb4 17. fxe6 Nxc2 18. exf7+ Kh8 19. fxe8=Q+ Qxe8 20. Kxc2 Qxe5
21. g4 b5 22. Nxb5 Bxb2 23. Rhe1 Qc5 24. Re4 Be5 25. Rde1 h5 26. Kb3 Bf6 27. g5
Qf2 28. R1e2 Qg3+ 29. R4e3 1-0

[Event "11th Ugra Governor's Cup"]
[Site "Khanty-Mansiysk RUS"]
[Date "2015.11.26"]
[Round "4.10"]
[White "Sarana, Alexey"]
[Black "Timofeev, Artyom"]
[Result "0-1"]
[BlackTitle "GM"]
[WhiteElo "2426"]
[BlackElo "2555"]
[WhiteFideId "24133795"]
[BlackFideId "4140419"]
[EventDate "2015.11.23"]

1. d4 Nf6 2. Nf3 g6 3. g3 Bg7 4. Bg2 d5 5. c4 dxc4 6. Qa4+ Nfd7 7. Na3 a6 8.
Qxc4 Nb6 9. Qc5 Qd6 10. Qxd6 cxd6 11. b3 Nc6 12. Bb2 Bf5 13. Kd2 Be4 14. e3 f5
15. Rhc1 e5 16. Nc2 g5 17. Nfe1 Bxg2 18. Nxg2 e4 19. Na3 Nd5 20. Nb1 Ncb4 21.
Ne1 f4 22. a3 O-O 23. Ke2 Nc6 24. Nd2 Rae8 25. Nc2 Rf6 26. Rh1 Rh6 27. h3 f3+
28. Kf1 g4 29. h4 Rhe6 30. Ke1 h5 31. Rc1 Nde7 32. b4 d5 33. Nb3 Nf5 34. Kd2 Nd6
35. Nc5 R6e7 36. Kc3 b6 37. Na4 Rb7 38. Kb3 Kf7 39. Na1 Rc8 40. Ka2 Ke6 41. Nb3
Bf8 42. Rhd1 Nf5 43. Bc3 Bd6 44. Be1 Rbb8 45. Kb2 Kd7 46. Rc2 Bxg3 47. Nc3 Nce7
48. fxg3 Nxe3 49. Bf2 Rxc3 0-1

[Event "11th Ugra Governor's Cup"]
[Site "Khanty-Mansiysk RUS"]
[Date "2015.11.27"]
[Round "5.1"]
[White "Khismatullin, Denis"]
[Black "Potapov, Pavel"]
[Result "0-1"]
[WhiteTitle "GM"]
[BlackTitle "IM"]
[WhiteElo "2654"]
[BlackElo "2476"]
[WhiteFideId "4142578"]
[BlackFideId "4169786"]
[EventDate "2015.11.23"]

1. b3 e5 2. Bb2 d6 3. d4 exd4 4. Qxd4 Nc6 5. Qd1 Nf6 6. Nf3 g6 7. e3 Bg7 8. c4
O-O 9. Nbd2 Bf5 10. Be2 Nb4 11. Nd4 Nd3+ 12. Bxd3 Bxd3 13. N2f3 Be4 14. O-O d5
15. c5 c6 16. Ne1 Qd7 17. f3 Bf5 18. g4 Bxg4 19. fxg4 Nxg4 20. Ng2 Rae8 21. Qf3
Re4 22. Rae1 Rfe8 23. Ba1 Be5 24. Qd1 Bxh2+ 25. Kh1 Bg3 26. Qf3 Bxe1 27. Rxe1
Qc7 28. Kg1 Qh2+ 29. Kf1 Ne5 30. Qf2 Nd3 31. Nf3 Qh1+ 32. Qg1 Qxg1+ 33. Kxg1
Nxe1 34. Nfxe1 Rxe3 35. Nxe3 Rxe3 36. Kf2 Re4 37. Nf3 f5 38. Bc3 h6 39. b4 a6
40. a4 Rc4 41. Bd2 g5 42. Ke2 Re4+ 43. Kd3 f4 44. Nd4 g4 45. Ne2 f3 46. Ng3 Re6
47. Be3 Kh7 48. Nh5 Kg8 49. Kd2 Kf7 50. Kd3 Re5 51. Ng3 Kg6 0-1

[Event "11th Ugra Governor's Cup"]
[Site "Khanty-Mansiysk RUS"]
[Date "2015.11.27"]
[Round "5.2"]
[White "Rakhmanov, Aleksandr"]
[Black "Rozum, Ivan"]
[Result "1-0"]
[WhiteTitle "GM"]
[BlackTitle "GM"]
[WhiteElo "2637"]
[BlackElo "2559"]
[WhiteFideId "4173708"]
[BlackFideId "24104272"]
[EventDate "2015.11.23"]

1. e4 c5 2. Be2 Nf6 3. d3 d5 4. e5 Nfd7 5. f4 e6 6. Nf3 Be7 7. c3 b5 8. Na3 Qb6
9. Nc2 Nc6 10. d4 b4 11. O-O bxc3 12. bxc3 Ba6 13. f5 cxd4 14. cxd4 Bxe2 15.
Qxe2 exf5 16. Bd2 Rb8 17. Qd3 g6 18. Ne3 Qb5 19. Qxb5 Rxb5 20. a4 Rb2 21. Rfb1
Rxd2 22. Nxd2 Nxd4 23. Nxd5 Bc5 24. Kf1 O-O 25. Nb3 Nxb3 26. Rxb3 Nxe5 27. Rc1
Bd6 28. h3 Kg7 29. Rb7 Rd8 30. Nf4 Ra8 31. Rd1 Nc4 32. Rd4 Rc8 33. Nd3 a5 34.
Kf2 Rc6 35. Rb5 Kf6 36. Ke2 Ke6 37. Nc5+ Rxc5 38. Rxc5 Bxc5 39. Rxc4 Kd5 40. Kd3
h5 41. Rf4 Ke5 42. Rf1 Bb4 43. Rc1 Kf4 44. Rc4+ Ke5 45. Rc7 f6 46. Rb7 g5 47.
Rb5+ Ke6 48. Kd4 h4 49. Rb6+ Ke7 50. Kd5 Kf7 51. Rb7+ Kg6 52. Ke6 g4 53. Rb5
gxh3 54. gxh3 Bc3 55. Rxf5 Be5 56. Rf1 Kg5 57. Kd5 Bf4 58. Rf3 Kf5 59. Rc3 Bd2
60. Rd3 Bf4 61. Rd4 Bg3 62. Kc4 Ke5 63. Kd3 f5 64. Rd7 Bf2 65. Ke2 Bc5 66. Kf3
Bb4 67. Rh7 Kd4 68. Rxh4+ Kc3 69. Ke2 Kb3 70. Kd3 Kxa4 71. Kc4 Bd2 72. Rd4 Bc1
73. Rd3 f4 74. Rf3 Be3 75. h4 Ka3 76. h5 Ka2 77. h6 Bc1 78. h7 Bb2 79. Rf2 1-0

[Event "11th Ugra Governor's Cup"]
[Site "Khanty-Mansiysk RUS"]
[Date "2015.11.27"]
[Round "5.3"]
[White "Litvinov, Maxim"]
[Black "Bukavshin, Ivan"]
[Result "1/2-1/2"]
[BlackTitle "GM"]
[WhiteElo "2391"]
[BlackElo "2657"]
[WhiteFideId "24157449"]
[BlackFideId "4199758"]
[EventDate "2015.11.23"]

1. e4 c5 2. Nf3 Nc6 3. d4 cxd4 4. Nxd4 e6 5. g3 Nf6 6. Bg2 a6 7. Nxc6 bxc6 8.
O-O Qc7 9. Re1 e5 10. Bg5 Bc5 11. Na3 d6 12. Bxf6 gxf6 13. Nc4 Be6 14. Ne3 Ke7
15. Qf3 a5 16. Nf5+ Bxf5 17. Qxf5 a4 18. Rab1 Rab8 19. c3 Qc8 20. Qxc8 Rhxc8 21.
b3 axb3 22. axb3 Bb6 23. Ra1 Ra8 24. Red1 Rcb8 25. b4 h6 26. Bf3 Ke6 27. Bg4+
Ke7 28. Bf3 Ke6 29. Bg4+ Ke7 1/2-1/2

[Event "11th Ugra Governor's Cup"]
[Site "Khanty-Mansiysk RUS"]
[Date "2015.11.27"]
[Round "5.5"]
[White "Artemiev, Vladislav"]
[Black "Goganov, Aleksey"]
[Result "1/2-1/2"]
[WhiteTitle "GM"]
[BlackTitle "GM"]
[WhiteElo "2676"]
[BlackElo "2597"]
[WhiteFideId "24101605"]
[BlackFideId "24109959"]
[EventDate "2015.11.23"]

1. e4 e5 2. Nf3 Nc6 3. Bb5 Nf6 4. d3 Bc5 5. c3 O-O 6. O-O Re8 7. Re1 a6 8. Ba4
b5 9. Bb3 d6 10. Nbd2 Be6 11. Nf1 Bxb3 12. Qxb3 h6 13. Ng3 Qd7 14. a4 Rab8 15.
axb5 axb5 16. Be3 Bxe3 17. fxe3 Ne7 18. Nh4 c5 19. Rf1 Qe6 20. Qxe6 fxe6 21. Ra6
Nc8 22. h3 Nb6 23. Ra5 Na4 24. Ra7 Ra8 25. Rb7 Rab8 26. Rc7 Rbc8 27. Rb7 Rb8 28.
Ra7 Ra8 1/2-1/2

[Event "11th Ugra Governor's Cup"]
[Site "Khanty-Mansiysk RUS"]
[Date "2015.11.27"]
[Round "5.6"]
[White "Timofeev, Artyom"]
[Black "Bocharov, Dmitry"]
[Result "1/2-1/2"]
[WhiteTitle "GM"]
[BlackTitle "GM"]
[WhiteElo "2555"]
[BlackElo "2558"]
[WhiteFideId "4140419"]
[BlackFideId "4138716"]
[EventDate "2015.11.23"]

1. e4 c5 2. Nf3 d6 3. Bc4 Nf6 4. d3 g6 5. e5 Ng4 6. e6 Bxe6 7. Bxe6 fxe6 8. Ng5
Nf6 9. Nxe6 Qd7 10. Qe2 Kf7 11. Ng5+ Kg8 12. O-O Nc6 13. Ne6 Nd4 14. Nxd4 cxd4
15. Nd2 Bg7 16. Nb3 e5 17. f4 Qg4 18. Rf3 Re8 19. fxe5 dxe5 20. Nc5 Qc8 21. Ne4
Nxe4 22. Qxe4 Qc6 23. Qxc6 bxc6 24. Bd2 c5 25. Raf1 Re7 26. b4 cxb4 27. Bxb4 Rb7
28. a3 h5 29. c4 dxc3 30. Bxc3 Rb3 31. Bb4 a5 32. Bd6 Kh7 33. Rf7 Re8 34. Rd7
Kg8 35. Rff7 Bh8 36. Rf3 Bg7 37. Rff7 Bh8 38. Rf3 Bg7 1/2-1/2

[Event "11th Ugra Governor's Cup"]
[Site "Khanty-Mansiysk RUS"]
[Date "2015.11.27"]
[Round "5.7"]
[White "Kokarev, Dmitry"]
[Black "Korchmar, Vasiliy"]
[Result "1-0"]
[WhiteTitle "GM"]
[BlackTitle "IM"]
[WhiteElo "2611"]
[BlackElo "2405"]
[WhiteFideId "4132181"]
[BlackFideId "24131750"]
[EventDate "2015.11.23"]

1. c4 e5 2. g3 Nf6 3. Bg2 Bc5 4. Nc3 O-O 5. Nf3 Nc6 6. O-O d6 7. e3 Bb6 8. Qc2
h6 9. Nh4 Be6 10. Nd5 Bxd5 11. cxd5 Ne7 12. Qc4 c6 13. dxc6 bxc6 14. b3 d5 15.
Qc2 c5 16. Bb2 Nc6 17. Nf5 Rc8 18. Rac1 Re8 19. a3 Na5 20. d3 Bc7 21. b4 cxb4
22. axb4 Nb7 23. Bh3 Nd7 24. Qc6 1-0